000 00928nam0a22002771 4500
001 rc\3968151
005 20250611041607.0
021 _aRU
_b[56-30848]
035 _a(NLR Aleph) 008054430
090 _a8962731
_c8962731
100 _a20130415d1956 |||y0rusy50 ca
101 0 _arus
102 _aRU
105 _aa z |||||
200 1 _aГимнастика
_e[Учеб. пособие для занятий с начинающими]
210 _aМосква
_cФизкультура и спорт
_d1956
215 _a206 с.
_cил.
_d20
225 1 _aВ помощь инструктору-общественнику
606 _aГимнастика
_2psbo
700 1 _aМикулич
_bП.В.
_gПавел Венедиктович
701 1 _aОрлов
_bЛ.П.
_gЛев Павлович
801 0 _aRU
_bNLR
_gpsbo
801 1 _aRU
_bELAR
_2rusmarc
852 _aNLR
_jФк02 Г-3/433
942 _cBOOK
980 _aNB